A Word Child /
Spremljeno u:
| Glavni autor: | |
|---|---|
| Format: | Sách giấy |
| Jezik: | English |
| Izdano: |
New York :
Viking Press,
1975.
|
| Oznake: |
Dodaj oznaku
Bez oznaka, Budi prvi tko označuje ovaj zapis!
|
| Thư viện lưu trữ: | Thư viện Trường Đại học Đà Lạt |
|---|
| LEADER | 00578nam a2200265 4500 | ||
|---|---|---|---|
| 001 | DLU100108685 | ||
| 005 | ##2010063 | ||
| 040 | # | # | |a DLU |b vie |
| 041 | # | # | |a eng |
| 044 | # | # | |a us |
| 082 | # | # | |a 823 |b MU-I |
| 100 | # | # | |a Murdoch, Iris. |
| 245 | # | # | |a A Word Child / |c Iris Murdoch. |
| 260 | # | # | |a New York : |b Viking Press, |c 1975. |
| 300 | # | # | |a 391 p. ; |c 22 cm. |
| 923 | # | # | |a 100/2010 |
| 992 | # | # | |a 0 |
| 994 | # | # | |a DLU |
| 900 | # | # | |a True |
| 911 | # | # | |a Lý Thị Hồng Hạnh |
| 925 | # | # | |a G |
| 926 | # | # | |a A |
| 927 | # | # | |a SH |
| 980 | # | # | |a Thư viện Trường Đại học Đà Lạt |